| 000 | 00913nam a2200217Ii 4500 | ||
|---|---|---|---|
| 003 | JO-AjNU | ||
| 008 | 230605s9999||||xx |||||||||||||| ||und|| | ||
| 017 | _a2008/5/1485 | ||
| 040 |
_aJO-AjNU _bara _erda _cJO-AjNU |
||
| 041 | _aara | ||
| 050 | 1 | 4 | _aBP173.75.A85 2009 |
| 100 | 3 |
_aالعطيات، يزن خلف سالم ؛ اشراف وتقديم: عبد الحميد محمود البعلي, _eauthor _930682 |
|
| 245 | 0 | 0 | _aتحول المصارف التقليدية للعمل وفق أحكام الشريعة الإسلامية |
| 250 | _aط1 | ||
| 264 | 3 | 1 | _aعمان: دار النفائس للنشر والتوزيع، 2009 |
| 300 |
_a348ص _bالمراجع ص 291-301 ؛ الملاحق ص 303-336 |
||
| 336 |
_atext _btxt _2rdacontent |
||
| 337 |
_aunmediated _bn _2rdamedia |
||
| 338 |
_avolume _bnc _2rdacarrier |
||
| 650 | 4 |
_aالاسلام والبنوك- المصارف الاسلامية _930683 |
|
| 999 |
_aA12192 _c15760 _d15760 |
||